Central Library OPAC University of Rajshahi

Peking opera and Mel Lanfang / (Record no. 19431)

MARC details
000 -LEADER
fixed length control field 00620nam a22002177a 4500
001 - CONTROL NUMBER
control field 19431
003 - CONTROL NUMBER IDENTIFIER
rucl marc code BD-RjUL
005 - DATE AND TIME OF LATEST TRANSACTION
control field 20211209000430.0
008 - FIXED-LENGTH DATA ELEMENTS--GENERAL INFORMATION
fixed length control field 140224s1981 ii ||||| |||| 00| 0 eng d
035 ## - SYSTEM CONTROL NUMBER
System control number (BD-RjUL)19491
040 ## - CATALOGING SOURCE
Original cataloging agency BD-RjUL
Language of cataloging eng
Transcribing agency BD-RjUL
041 ## - LANGUAGE CODE
Language code of text/sound track or separate title eng
082 ## - DEWEY DECIMAL CLASSIFICATION NUMBER
Classification number 792
Author mark and year ZUP 1981
100 ## - MAIN ENTRY--PERSONAL NAME
Personal name Zuguang , Wu
Fuller form of name Wu Zuguang
9 (RLIN) 59712
245 ## - TITLE STATEMENT
Title Peking opera and Mel Lanfang /
Statement of responsibility, etc. Wu Zuguang.
260 ## - PUBLICATION, DISTRIBUTION, ETC. (IMPRINT)
Place of publication, distribution, etc. Beijing, China :
Name of publisher, distributor, etc. New World Press,
Date of publication, distribution, etc. 1981
300 ## - PHYSICAL DESCRIPTION
Pagination 138 p. :
Illustrations ill. :
Size 22 cm.
650 ## - SUBJECT ADDED ENTRY--TOPICAL TERM
Source of heading or term Lanfang, Mel.
651 ## - SUBJECT ADDED ENTRY--GEOGRAPHIC NAME
Materials specified Operas, Chinese -- China -- Beijing.
942 ## - ADDED ENTRY ELEMENTS (KOHA)
Source of classification or shelving scheme Dewey Decimal Classification
Koha item type Books
Holdings
Lost status Source of classification or shelving scheme Damaged status Not for loan Collection code Permanent Location Current Location Shelving location Date acquired Source of acquisition Total Checkouts Full call number Date last seen Copy number Koha item type
  Dewey Decimal Classification     Non-fiction Central Library, University of Rajshahi Central Library, University of Rajshahi   24/10/1984 Chinen Embar   792 ZUP 1981 24/02/2014 C-5 Books
  Dewey Decimal Classification     Non-fiction Central Library, University of Rajshahi Central Library, University of Rajshahi   24/11/1984 Chairman, U.G.C.   792 ZUP 1981 09/03/2014 C-4 Books